00447nam a2200121Ia 4500008004100000024005600041082001800097100009400115245002400209260002500233600003400258650003300292250506s9999 xx 000 0 und d a04B-010-TE, 04B-031-TE, 04B-037-TE & 04B-057-TE a004.16072 MUH aMuhammad Khizar Qaiser, Ahmed Hassan Siddiqui, Farhan Ahmed Siddiqi & Farhan Ahmed Qayyum 0aWireless Local Loop aKarachi:bUIT,c2004 aTelecommunication Engineering aBachelor of Engineering (BE)